000 00554nam a2200181Ia 4500
008 090124s9999 xx 000 0 und d
082 _b35249
100 _aप्रभावळकर दिलीप
245 _a अनुदिनी
250 _a0
260 _bउत्कर्ष प्रकाशन
_c1998
300 _a163
600 _aप्रभावळकर दिलीप
630 _a अनुदिनी
700 _aप्रभावळकर दिलीप
730 _a अनुदिनी
942 _cBOOK
999 _c101367
_d101367